000 00468nam a22001697a 4500
003 MPLRDC
005 20220104173723.0
008 210129b ||||| |||| 00| 0 eng d
020 _a4-906224-01-6
082 _a803.18 AOTS-2
100 _aTHE ASSOCIATION FOR OVERSEAS TECHNICAL SCHOLARSHIP
245 _aNIHONGO NO KISO I
_c
260 _a
_bTHE ASSOCIATION FOR OVERSEAS TECHNICAL SCHOLARSHIP
_c1984
300 _b
650 _a
942 _cBK
_o803.18 AOTS-2
999 _c59547
_d59537